Statistics for Musical Instruments #4 Keyboards

Click here to take the quiz!

General Stats

  • This quiz has been taken 16 times
  • The average score is 4 of 9

Answer Stats

Answer% Correct
Grand Piano
77%
Pipe Organ
77%
Harpsichord
69%
Upright Piano
54%
Electric Piano
46%
Accordion
31%
Keyboard
31%
Virginal
23%
Spinet
15%

Score Distribution

Percentile by Number Answered

Percent of People with Each Score

Your Score History

You have not taken this quiz